000 00467cam a2200193ua 4500
020 _c0.75
041 _amal
_h
082 _a894.8121
_bVAL/ST
100 _aNarayana Menon, Vallathol.
_91654
245 _aSthree /
_cVallathol Narayana Menon.
_hTextual Documents
250 _a4 /
_b.
260 _aCheruthuruthy :
_bVallathol Granthalayam ,
_c1959.
300 _a50 ; .
365 _a0.75
504 _a
942 _cBK
999 _c4830
_d4830
003